Vista normal
Vista MARC
Entrada Personal Name
Número de registros utilizados en: 1
001 - CONTROL NUMBER
- control field: 16643
003 - CONTROL NUMBER IDENTIFIER
- control field: DLC
005 - DATE AND TIME OF LATEST TRANSACTION
- control field: 20250115115642.0
008 - FIXED-LENGTH DATA ELEMENTS
- fixed length control field: 160205n| azannaabn n aaa c
010 ## - LIBRARY OF CONGRESS CONTROL NUMBER
- LC control number: ns2016000488
035 ## - SYSTEM CONTROL NUMBER
- System control number: (CaEvSKY)skya10996031
035 ## - SYSTEM CONTROL NUMBER
- System control number: (OCoLC)oca10384633
040 ## - CATALOGING SOURCE
- Original cataloging agency: MX-MxITA
- Language of cataloging: spa
- Description conventions: rda
- Transcribing agency: Mx-PuUPA
- Modifying agency: HU
- Modifying agency: Mx-PuUPA
046 ## - SPECIAL CODED DATES
- Birth date: 1976
- Source of date scheme: edtf
100 1# - HEADING--PERSONAL NAME
- Personal name: Steels, Emmanuelle,
- Dates associated with a name: 1976-
370 ## - ASSOCIATED PLACE
- Place of birth: Brussels (Bélgica)
- Source of term: naf
374 ## - OCCUPATION
- Occupation: Periodista
- Occupation: Autor
- Source of term: lcsh
375 ## - GENDER
- Gender: mujer
- Source of term: lcdgt
377 ## - ASSOCIATED LANGUAGE
- Language code: spa
- Language code: eng
670 ## - SOURCE DATA FOUND
- Source citation: El teatro del engaño, 2015:
- Information found: title page (Emmanuelle Steels) front flap (Emmanuelle Steels nació en Bruselas en 1976. Estudió filosofía y periodismo, se establece en México en 2008. Es corresponsal para varios periódicos y radios de Francia, Canadá, Belgica y Suiza)